000
00262nam a22001217a 4500
008
170131b xxu||||| |||| 00| 0 eng d
041
_a
eng
080
_2
10TH
_a
61
100
_a
3
101
_a
SHM
245
_a
ACCESS TO HEALTH
_c
DONATELLE, R.J
942
_2
udc
_c
BK
999
_c
4117
_d
4117